Sports Quiz

Random Sports or Numbers Quiz

Pirates Strikeout Leaders Quiz Stats

 Plays Quiz not verified by Sporcle

Score 0/199 Timer 12:00
0 Plays Today
Number of Ks Name % Correct
362Zane Smith
87.2%
820Doug Drabek
86.4%
1159John Candelaria
85.6%
1092Vern Law
82.4%
896Steve Blass
80.8%
650Bob Walk
80.8%
552Kent Tekulve
80.8%
1682Bob Friend
80%
869Dock Ellis
80%
108Odell Jones
80%
248Bob Johnson
79.2%
1652Bob Veale
76%
522Bert Blyleven
75.2%
842Elroy Face
74.4%
852Rick Rhoden
73.6%
825Don Robinson
72.8%
505Zach Duke
72.8%
201Jeff D. Robinson
72.8%
173Grant Jackson
72.8%
137Hank Robinson
72.8%
534John Smiley
69.6%
312Mike Williams
69.6%
211Dave Williams
69.6%
608Paul Maholm
68.8%
735Bruce Kison
68%
827Bob Moose
67.2%
411Jim Bibby
66.4%
506Luke Walker
65.6%
343Rick Reuschel
64%
596Jason Schmidt
62.4%
421Oliver Perez
62.4%
672Jim Rooker
61.6%
1036Babe Adams
60.8%
576Ian Snell
60.8%
1191Wilbur Cooper
59.2%
373Dave Giusti
59.2%
545Kip Wells
56.8%
553Kris Benson
56%
520Harvey Haddix
55.2%
503Jerry Reuss
55.2%
537Francisco Cordova
54.4%
343Mace Brown
54.4%
151Rich Gossage
54.4%
110Tim Wakefield
54.4%
222Jimmy Anderson
52.8%
297Randy Tomlin
48.8%
574Larry McWilliams
48%
351Josh Fogg
48%
269Enrique Romo
47.2%
211Ramon Hernandez
46.4%
890Ed Morris
44.8%
508Jon Lieber
44.8%
286Frank Miller
44.8%
223Stan Belinda
44.8%
634Rip Sewell
44%
553Denny Neagle
44%
326John Grabow
44%
126Jack Neagle
44%
415Paul Wagner
43.2%
290Nellie Briles
43.2%
137Joel Hanrahan
43.2%
431Jose DeLeon
42.4%
330Salomon Torres
42.4%
252Tom Gorzelanny
42.4%
208Matt Capps
41.6%
847Sam Leever
41.6%
237Bob Patterson
41.6%
Number of Ks Name % Correct
183Mike Gonzalez
41.6%
135Ricardo Rincon
41.6%
861Deacon Phillippe
40.8%
146Mike Dunne
40.8%
551Ron Kline
39.2%
332Steve Cooke
39.2%
355Todd Ritchie
37.6%
347Bob Kipper
37.6%
562Joe Gibbon
36.8%
345Rod Scurry
36.8%
260Burleigh Grimes
36.8%
169Neal Heaton
36.8%
160Silver King
36.8%
292Esteban Loaiza
36%
135Bill Landrum
36%
423Vic Willis
35.2%
319Scott Sauerbeck
35.2%
191Brian Fisher
35.2%
548Al McBean
34.4%
224Lee Tunnell
34.4%
200Damaso Marte
34.4%
119Evan Meek
34.4%
143Ken Brett
33.6%
123Jim Gott
33.6%
434Pud Galvin
32%
178Rich Loiselle
32%
201Ross Ohlendorf
31.2%
478Johnny Morrison
30.4%
121Charlie Morton
30.4%
293Cecilio Guante
29.6%
210Chris Peters
29.6%
179Woodie Fryman
29.6%
219Jim Bunning
28.8%
806Howie Camnitz
28.8%
217Larry Demery
28.8%
275Jason Christiansen
28%
117John Tudor
28%
516Ray Kremer
27.2%
218Marc Wilkins
27.2%
147Jeff Karstens
27.2%
323Preacher Roe
25.6%
114Vinegar Bend Mizell
25.6%
349Jack Chesbro
24.8%
270Waite Hoyt
24.8%
130Bruce Dal Canton
24.8%
477Murry Dickson
24%
466Jesse Tannehill
24%
292Jose Silva
24%
193Ryan Vogelsong
23.2%
546Lefty Leifield
22.4%
355Lee Meadows
22.4%
159Brian Meadows
22.4%
153Dan Miceli
22.4%
592Bill Swift
21.6%
235Vic Aldridge
21.6%
133Vicente Palacios
21.6%
132John Ericks
20.8%
249Carmen Hill
20%
130Manny Sarmiento
20%
193Nick Maddox
19.2%
134Rube Waddell
19.2%
133Dan Plesac
19.2%
137Emil Yde
18.4%
136Red Witt
18.4%
109Juan Pizarro
18.4%
119Bob Purkey
14.4%
118Luis Arroyo
14.4%
Number of Ks Name % Correct
111Bronson Arroyo
14.4%
205Lefty Chambers
12.8%
153Joe Beimel
12%
366Tommie Sisk
11.2%
260Earl Francis
11.2%
508Cy Blanton
9.6%
191Ed Doheny
9.6%
289Don Cardwell
8%
475Larry French
5.6%
467Frank Killen
5.6%
369Al Mamaux
5.6%
131Mike Bielecki
5.6%
268Earl Hamilton
4.8%
367Pink Hawley
4%
329Bob Klinger
4%
201Don Schwall
4%
123Josias Manzanillo
4%
296Max Butcher
3.2%
199Heinie Meine
3.2%
147Adonis Terry
3.2%
132Brian Boehringer
3.2%
275Fritz Ostermueller
2.4%
273Red Ehret
2.4%
188Erv Brame
2.4%
115Xavier Rescigno
2.4%
242Bill Werle
1.6%
190Kirby Higbe
1.6%
189Fleury Sullivan
1.6%
172John Littlefield
1.6%
130Tiny Bonham
1.6%
278Marty O'Toole
0.8%
273Ken Heintzelman
0.8%
239Jim Weaver
0.8%
192Paul LaPalme
0.8%
165Red Lucas
0.8%
163Max Surkont
0.8%
154Steve Swetonic
0.8%
138Danny Driscoll
0.8%
130Bob Chesnes
0.8%
127Tom Sturdivant
0.8%
109Charlie Case
0.8%
215Nick Strincevich
0%
371Claude Hendrix
0%
354Mark Baldwin
0%
289Hal Carlson
0%
278Russ Bauers
0%
273Harry Staley
0%
270Mel Queen
0%
258Mike Lynch
0%
216Bob Harmon
0%
215Ralph Birkofer
0%
211George McQuillan
0%
200Joe Bowman
0%
174Whitey Glazner
0%
155Howie Pollet
0%
150Jim Tobin
0%
148Glenn Spencer
0%
144Vic Lombardi
0%
141Johnny Lanning
0%
139Erv Kantlehner
0%
137Leon Chagnan
0%
135Harry Salisbury
0%
115Hank Gornicki
0%
112Ed Brandt
0%
109Jim Gardner
0%

You're not logged in!

Compare scores with friends on all Sporcle quizzes.
OR
Log In

Show Comments

Extras

Top Quizzes Today


Score Distribution

Your Account Isn't Verified!

In order to create a playlist on Sporcle, you need to verify the email address you used during registration. Go to your Sporcle Settings to finish the process.

Report this User

Report this user for behavior that violates our Community Guidelines.

Details: